Экономика туризма: учебное пособие

書誌詳細
第一著者: Балабанов И. Т. Игорь Тимофеевич
その他の著者: Балабанов А. И. Андрей Игоревич
要約:Исключено из фонда НТБ ТПУ
言語:ロシア語
出版事項: Москва, Финансы и статистика, 2003
フォーマット: MixedMaterials 図書
KOHA link:https://koha.lib.tpu.ru/cgi-bin/koha/opac-detail.pl?biblionumber=50670

MARC

LEADER 00000nam0a2200000 4500
001 50670
005 20231031033347.0
010 |a 5279020273 
035 |a (RuTPU)RU\TPU\book\53050 
090 |a 50670 
100 |a 20030418d2003 m y0rusy50 ca 
101 0 |a rus 
102 |a RU 
105 |a y j 001zy 
200 1 |a Экономика туризма  |e учебное пособие  |f И. Т. Балабанов, А. И. Балабанов 
210 |a Москва  |c Финансы и статистика  |d 2003 
215 |a 175 с. 
320 |a Глоссарий : с. 156-172 
333 |a Исключено из фонда НТБ ТПУ 
451 1 |0 (RuTPU)RU\TPU\book\10226  |y 5279020273  |t Экономика туризма  |o учебное пособие  |f И. Т. Балабанов, А. И. Балабанов  |c М.  |n Финансы и статистика  |d 1999  |p 173 с.  |a Балабанов, Игорь Тимофеевич 
686 |a У9(2)43я73  |v LBC/SL-A  |2 rubbk 
700 1 |a Балабанов  |b И. Т.  |g Игорь Тимофеевич 
701 1 |a Балабанов  |b А. И.  |g Андрей Игоревич 
801 1 |a RU  |b 63413507  |c 20030418  |g PSBO 
801 2 |a RU  |b 63413507  |c 20220426  |g PSBO 
942 |c BK